000 00561nam a2200229Ia 4500
003 OSt
005 20221005124747.0
006 a|||||r|||| 00| 0
007 ta
008 221004b |||||||| |||| 00| 0 kan d
024 _a60047
037 _cTextual
040 _aCRL
_cCRL
_bkan
041 _2kan
_akan
082 _aO33,1N28,1, K5
100 _aChennavira Au.
_9635752
245 0 _aNelamugilu
260 _c1965
650 _aKANNAD POETRY
942 _hO33,1N28,1, K5
_cTEXL
_2cc
999 _c1051530
_d1051530